The prosecutor of a permanent international criminal court
Zapisane w:
| Główni autorzy: | , , , |
|---|---|
| Format: | Książka |
| Język: | angielski francuski hiszpański |
| Wydane: |
Friburgo de Brisgovia
Iuscrim
2000
|
| Hasła przedmiotowe: | |
| Etykiety: |
Dodaj etykietę
Nie ma etykietki, Dołącz pierwszą etykiete!
|
MARC
| LEADER | 00000nam a2200000 a 4500 | ||
|---|---|---|---|
| 001 | UCM8505 | ||
| 003 | CL-VaPUC | ||
| 008 | 030321e20000000GW |||||||||||||||||eng|d | ||
| 041 | 0 | 7 | |a eng |2 CL-VaPUC |
| 041 | 0 | 7 | |a fre |2 CL-VaPUC |
| 041 | 0 | 7 | |a spa |2 CL-VaPUC |
| 082 | 0 | 4 | |a 345.01 |b ARB |2 21 |
| 100 | 0 | |a Arbour, Louise |e author |9 474589 | |
| 700 | 0 | |a Eser, Albin |e author |9 474590 | |
| 700 | 0 | |a Ambos, Kai |e author |9 474591 | |
| 700 | 0 | |a Sanders, Andrew |e author |9 474592 | |
| 245 | 1 | 4 | |a The prosecutor of a permanent international criminal court |
| 246 | 1 | 3 | |a Le procureur d'une cour pénale internationale permanente |
| 246 | 1 | 3 | |a El fiscal de una corte penal internacional permanente |
| 300 | |a 708 p | ||
| 942 | |c BK | ||
| 945 | |d 20030321 00:00:00 |a rbrito | ||
| 260 | |a Friburgo de Brisgovia |b Iuscrim |c 2000 | ||
| 650 | 7 | |a DERECHO PENAL |2 CL-VaPUC |9 11 | |
| 650 | 7 | |a FISCAL DE CORTE PENAL |2 CL-VaPUC |9 474593 | |
| 650 | 7 | |a PROCURADORES |2 CL-VaPUC |9 387676 | |
| 650 | 7 | |a CORTE PENAL INTERNACIONAL |2 CL-VaPUC |9 474594 | |
| 650 | 0 | |a Derecho penal internacional |9 371889 | |
| 583 | |a last modification |c 20030321 00:00:00 |k Rodrigo Vera | ||
| 999 | |c 303004 |d 303002 | ||
| 952 | |0 0 |1 0 |4 0 |6 345_010000000000000_ARB_2000 |7 0 |8 A |9 363909 |a BIBDER |b BIBDER |d 2019-11-21 |i 3801047 |l 1 |m 2 |o 345.01 ARB 2000 |p 3801047 |q 2025-12-31 |r 2020-03-20 |s 2020-03-20 |w 2019-11-21 |y BK |k DER | ||